000 00346nam a2200145Ia 4500
003 OSt
005 20240111125622.0
008 170524s9999 xx 000 0 und d
020 _a9788189161163
040 _cIIMT UNIVERSITY
100 _aSINGH- DEV NARAYAN
245 0 _aVYASTI ARTHVYAVASTHA
260 _bNew Delhi : Adhiyaya
942 _2ddc
_c02
999 _c9449
_d9449